Normal view
MARC view
- Vartak, Ganesh Vishnu,
Entry Personal Name
001 - CONTROL NUMBER
- control field: 26902
003 - CONTROL NUMBER IDENTIFIER
- control field: NUST
005 - DATE AND TIME OF LATEST TRANSACTION
- control field: 20191213104321.0
008 - FIXED-LENGTH DATA ELEMENTS
- fixed length control field: 191213|| aca||aabn | a|a d
040 ## - CATALOGING SOURCE
- Original cataloging agency: NUST
- Transcribing agency: NUST
100 ## - HEADING--PERSONAL NAME
- Personal name: Vartak, Ganesh Vishnu,
670 ## - SOURCE DATA FOUND
- Source citation: Work cat.: (NUST): Deshpande, Raghunath Shirpad, 26900, A treatise on building construction,, 1978
